00337nam a2200145Ia 4500008004100000020001500041041001200056082001600068100001300084245003100097260002500128300000800153650001400161700001600175221030s9999 xx 000 0 und d a0070533040 aEnglish a105.23bSha aJ. Sharp 0aMicrosoft Visual J # . Net bTMHaNew Delhic2003 a910 aComputers aA. Longshaw